000 00618ctc a22002055a 4500
001 L141555
008 071130i19701989xxk eng u
035 _a(Sirsi) u141555
041 0 _aeng
110 2 _aIncorporated Society of Valuers and Auctioneers
_91201
245 0 1 _a[Collection of material related to membership]
_h[manuscript]
260 _cca. 1970-1989
300 _a4 folders
_c35 cm., or smaller
340 _aManuscript
351 _cFonds
500 _aInformation includes membership statistics etc.
651 4 _aUnited Kingdom
_y
690 _aABOUT RICS-RELATED ORGANISATIONS
942 _n0
999 _c116737
_d116737